[Event "TUR Cup										"]
[Site "Antalya"]
[Date "2018.01.30"]
[Round "5"]
[White "Gulbeyaz, Emir"]
[Black "Ozsarilar, Osman Nuri"]
[Result "1-0"]
[WhiteElo "2087"]
[BlackElo "1833"]
[PlyCount "147"]
[EventDate "2018.01.27"]
[EventType "swiss"]
[EventRounds "11"]
[EventCountry "TUR"]
[SourceTitle "CBM 182 Extra"]
[Source "ChessBase"]
[SourceDate "2018.02.23"]
[SourceVersion "1"]
[SourceVersionDate "2018.02.23"]
[SourceQuality "1"]

1. Nf3 d5 2. d4 Nf6 3. c4 e6 4. cxd5 exd5 5. Qc2 Nc6 6. Bg5 Be7 7. Nc3 0-0 8. e3 Be6 9. a3 Nd7 10. h4 f5 11. Bd3 h6 12. Bxe7 Nxe7 13. Ne2 Rf6 14. Ne5 Nxe5 15. dxe5 Rf7 16. 0-0-0 c5 17. Nf4 Qb6 18. Be2 Rd8 19. Kb1 c4 20. Qc3 Rff8 21. Rhg1 g5 22. hxg5 hxg5 23. Nh5 d4 24. Rxd4 Nd5 25. Rxd5 Bxd5 26. e6 Qc7 27. Nf6+ Rxf6 28. Qxf6 Rf8 29. Qxg5+ Qg7 30. Qxg7+ Kxg7 31. e7 Re8 32. Rd1 Be6 33. Rd4 b5 34. a4 Rxe7 35. axb5 Rc7 36. Kc2 Rc5 37. Kc3 Rxb5 38. Bxc4 Bxc4 39. Rxc4 Rb7 40. Rc6 Rd7 41. b4 Kf7 42. b5 Rd5 43. Rc7+ Ke6 44. Rxa7 Rxb5 45. Ra2 Kf6 46. Kd3 Rd5+ 47. Ke2 Rb5 48. Kf3 Rb4 49. Rd2 Kg5 50. Rd4 Rb2 51. g4 fxg4+ 52. Rxg4+ Kf5 53. e4+ Ke5 54. Rg5+ Ke6 55. Ke3 Rb3+ 56. Kf4 Kf6 57. Ra5 Rb6 58. f3 Kg6 59. Ke5 Rb7 60. f4 Re7+ 61. Kd5 Rb7 62. f5+ Kf6 63. Ra6+ Ke7 64. e5 Rb5+ 65. Ke4 Rb4+ 66. Kf3 Rb1 67. Ra7+ Kf8 68. e6 Ke8 69. Kf4 Kf8 70. f6 Rf1+ 71. Kg5 Rg1+ 72. Kh4 Kg8 73. Ra8+ Kh7 74. f7 1-0

[Event "TUR Cup"]
[Site "Antalya"]
[Date "2017.02.02"]
[Round "9"]
[White "Demir, Bilal"]
[Black "Ozsarilar, Osman Nuri"]
[Result "1/2-1/2"]
[WhiteElo "2061"]
[BlackElo "1817"]
[PlyCount "99"]
[EventDate "2017.01.28"]
[EventType "swiss"]
[EventRounds "11"]
[EventCountry "TUR"]
[SourceTitle "CBM 176 Extra"]
[Source "ChessBase"]
[SourceDate "2017.03.02"]
[SourceVersion "1"]
[SourceVersionDate "2017.03.02"]
[SourceQuality "1"]

1. d4 Nf6 2. Nc3 d5 3. Bg5 e6 4. e4 dxe4 5. Nxe4 Be7 6. Bxf6 Bxf6 7. Nf3 Nd7 8. c3 Be7 9. Bd3 b6 10. Qe2 Bb7 11. 0-0-0 Nf6 12. Kb1 Nxe4 13. Bxe4 Bxe4+ 14. Qxe4 0-0 15. Rhe1 Bd6 16. Rd2 Qf6 17. g3 Qg6 18. Qxg6 hxg6 19. Ne5 Bxe5 20. dxe5 Rfd8 21. Red1 Rxd2 22. Rxd2 Kf8 23. f4 Ke7 24. Kc2 a6 25. Rd4 Rh8 26. h4 f6 27. exf6+ gxf6 28. Kd3 c5 29. Re4 Rd8+ 30. Ke2 b5 31. b3 a5 32. a3 Rd7 33. g4 Kd6 34. Re3 Rh7 35. Rd3+ Kc6 36. Rh3 Kd5 37. Kd3 c4+ 38. bxc4+ bxc4+ 39. Ke3 f5 40. gxf5 exf5 41. Rh1 Kc5 42. a4 Rd7 43. h5 Rd3+ 44. Ke2 gxh5 45. Rxh5 Rxc3 46. Rxf5+ Kb4 47. Kd2 Rf3 48. Rb5+ Kxa4 49. Rb8 Ka3 50. Ke2 1/2-1/2

[Event "TUR Cup"]
[Site "Antalya"]
[Date "2017.01.31"]
[Round "5"]
[White "Ozsarilar, Osman Nuri"]
[Black "Uzunoglu, Efe Kerem"]
[Result "0-1"]
[WhiteElo "1817"]
[BlackElo "2104"]
[PlyCount "56"]
[EventDate "2017.01.28"]
[EventType "swiss"]
[EventRounds "11"]
[EventCountry "TUR"]
[SourceTitle "CBM 176 Extra"]
[Source "ChessBase"]
[SourceDate "2017.03.02"]
[SourceVersion "1"]
[SourceVersionDate "2017.03.02"]
[SourceQuality "1"]

1. e4 c5 2. Nf3 d6 3. d4 Nf6 4. Nc3 cxd4 5. Nxd4 g6 6. f3 Bg7 7. Be3 0-0 8. Qd2 Nc6 9. 0-0-0 d5 10. Nxc6 bxc6 11. exd5 Nxd5 12. Nxd5 cxd5 13. Bh6 Bxh6 14. Qxh6 Qa5 15. Kb1 Rb8 16. h4 Bf5 17. Bd3 Qa3 18. b3 Bxd3 19. Rxd3 Rfc8 20. h5 Rxc2 21. Kxc2 Qxa2+ 22. Kc3 Rxb3+ 23. Kd4 Qb2+ 24. Ke3 Qe5+ 25. Kd2 Rb2+ 26. Kc1 Rxg2 27. Rd2 Qa1+ 28. Kc2 Qxh1 0-1

[Event "Manavgat Turkey Cup"]
[Site "Manavgat"]
[Date "2016.02.04"]
[Round "8"]
[White "Ozsarilar, Osman Nuri"]
[Black "Erece, Ece Alkim"]
[Result "0-1"]
[WhiteElo "1864"]
[BlackElo "1723"]
[PlyCount "134"]
[EventDate "2016.01.30"]
[EventType "swiss"]
[EventRounds "11"]
[EventCountry "TUR"]
[SourceTitle "CBM 170 Extra"]
[Source "ChessBase"]
[SourceDate "2016.02.25"]
[SourceVersion "1"]
[SourceVersionDate "2016.02.25"]
[SourceQuality "1"]

1. e4 e5 2. Nf3 Nc6 3. Bb5 Nge7 4. c3 a6 5. Ba4 g6 6. 0-0 Bg7 7. d4 exd4 8. cxd4 b5 9. Bc2 0-0 10. Nc3 d6 11. h3 Na5 12. a4 b4 13. Ne2 c5 14. Bg5 h6 15. Be3 Qc7 16. Qc1 g5 17. b3 Bb7 18. Rb1 f5 19. Bxg5 fxe4 20. Nh4 cxd4 21. Bxh6 d3 22. Qg5 Nf5 23. Nxf5 Rxf5 24. Qxf5 Bxh6 25. Qe6+ Kh7 26. Bd1 dxe2 27. Bxe2 Rf8 28. Bg4 Qf7 29. Qxd6 Bd5 30. Qxb4 Nxb3 31. Rbd1 a5 32. Qc3 Kg8 33. Kh1 Qb7 34. Qg3 Kh7 35. Qe5 Nd2 36. Bf5+ Kg8 37. Rfe1 Qf7 38. Bg4 Bb3 39. Qg3 Bf4 40. Be6+ Bxg3 41. Bxf7+ Rxf7 42. Rxd2 Bxf2 43. Rxe4 Bc5 44. Rd8+ Kg7 45. Rg4+ Kf6 46. Rd3 Be6 47. Rf4+ Ke7 48. Rxf7+ Bxf7 49. g4 Be8 50. Rc3 Bc6+ 51. Kh2 Bd6+ 52. Kg1 Bxa4 53. Kf2 Bd7 54. Kf3 a4 55. h4 a3 56. Rc1 Be5 57. Re1 Kf6 58. Rf1 a2 59. Ke4+ Ke6 60. g5 Be8 61. Kf3 Bg6 62. Rc1 Kd5 63. Rd1+ Bd4 64. Kf4 Bb1 65. g6 a1Q 66. g7 Qa8 67. Rxb1 Bxg7 0-1

[Event "Manavgat Turkey Cup"]
[Site "Manavgat"]
[Date "2016.01.31"]
[Round "2"]
[White "Ozsarilar, Osman Nuri"]
[Black "Sevgi, Volkan"]
[Result "0-1"]
[WhiteElo "1864"]
[BlackElo "2197"]
[PlyCount "84"]
[EventDate "2016.01.30"]
[EventType "swiss"]
[EventRounds "11"]
[EventCountry "TUR"]
[SourceTitle "CBM 170 Extra"]
[Source "ChessBase"]
[SourceDate "2016.02.25"]
[SourceVersion "1"]
[SourceVersionDate "2016.02.25"]
[SourceQuality "1"]

1. e4 c6 2. d4 d5 3. Nc3 g6 4. Nf3 Bg7 5. h3 Nh6 6. Bd3 0-0 7. Bg5 f6 8. Be3 Nf7 9. Qd2 e5 10. dxe5 fxe5 11. Bc5 Re8 12. 0-0 d4 13. Ne2 b6 14. Ba3 Be6 15. b3 Nd7 16. Ng3 Qf6 17. Qe2 h5 18. Rfe1 Bh6 19. Rad1 Bf4 20. Bc4 c5 21. Bc1 Nd6 22. Bxe6+ Qxe6 23. Ng5 Qe7 24. h4 Rf8 25. Rd3 Bxc1 26. Rxc1 Rf4 27. Nxh5 Rxh4 28. Rg3 Rxh5 29. Nh3 Rh6 30. Re1 Rf8 31. Qd2 Kg7 32. Ng5 Nf6 33. Rf3 Rfh8 34. Nh3 Rh4 35. Qd3 Nh5 36. Kf1 Nf4 37. Nxf4 exf4 38. Rh3 Qe6 39. e5 Rxh3 40. gxh3 Rxh3 41. Qd2 Rh1+ 42. Kg2 Qh3# 0-1

[Event "Manavgat Turkey Cup"]
[Site "Manavgat"]
[Date "2015.02.03"]
[Round "6"]
[White "Marangoz, Burak Can"]
[Black "Ozsarilar, Osman Nuri"]
[Result "0-1"]
[WhiteElo "1736"]
[BlackElo "1886"]
[PlyCount "54"]
[EventDate "2015.01.31"]
[EventType "swiss"]
[EventRounds "11"]
[EventCountry "TUR"]
[SourceTitle "CBM 164 Extra"]
[Source "ChessBase"]
[SourceDate "2015.03.02"]
[SourceVersion "1"]
[SourceVersionDate "2015.03.02"]
[SourceQuality "1"]

1. d4 Nf6 2. c4 e6 3. g3 d5 4. Bg2 b6 5. Nf3 Be7 6. 0-0 0-0 7. Qc2 Bb7 8. Ne5 c5 9. b3 Nc6 10. Nxc6 Bxc6 11. Bb2 Rc8 12. Rd1 dxc4 13. dxc5 cxb3 14. Qxb3 Qe8 15. cxb6 Ba4 16. Qd3 Rd8 17. Qxd8 Bxd8 18. bxa7 Bc6 19. Rxd8 Qxd8 20. Bxc6 Qb6 21. Bxf6 gxf6 22. a8Q Rxa8 23. Bxa8 Qb2 24. Nd2 Qxa1+ 25. Nf1 Qxa2 26. Bf3 f5 27. Ne3 Kg7 0-1